Isole della Grecia su Mappa - Statistics

Statistiche generali
  • Questo quiz è stato fatto 136 volte
  • Il punteggio medio è 10 su 16
Risposte nella Mappa
Le risposte nella mappa del quiz sottostante sono codificate secondo una scala di colori dal rosso al verde in base alla % di persone che hanno risposto correttamente.
 
Statistiche sulle risposte
km 2 Isola % Corretto
8'336 Creta
93%
1'401 Rodi
82%
406 Zante
82%
593 Corfù
76%
1'633 Lesbo
69%
781 Cefalonia
68%
290 Coo
65%
842 Chio
60%
3'670 Eubea
59%
430 Nasso
55%
477 Samo
55%
380 Andro
50%
478 Lemno
50%
303 Leuca
48%
380 Taso
47%
300 Scarpanto
43%
Nessun quiz corrispondente trovato
Distribuzione punteggi
Percentuale di utenti per punteggio
Percentile per numero di risposta
I tuoi punteggi nel tempo
Non hai fatto questo quiz